Les 100 meilleurs classiques de la littérature française - Statistiques

Statistiques générales
  • Ce quiz a été pris 8 685 fois
  • Le résultat moyen est 25 sur 100
Statistiques - réponses
# Nom de l’œuvre % Correct
3 Les Misérables
88%
11 Le Rouge et le Noir
71%
2 L’Étranger
70%
1 Les Fleurs du mal
68%
17 Germinal
66%
6 Madame Bovary
65%
22 Notre-Dame de Paris
62%
31 L’Avare
55%
65 Le Malade imaginaire
55%
28 Le Cid
52%
9 Candide ou l’optimisme
50%
21 Le Père Goriot
48%
14 Les Trois Mousquetaires
48%
18 La Peste
47%
5 Le Petit Prince
44%
10 Bel-Ami
42%
49 Nana
42%
29 L’Assommoir
41%
24 À la recherche du temps perdu
40%
15 Le Comte de Monte-Cristo
39%
27 Au Bonheur des Dames
37%
34 Gargantua
37%
39 La Princesse de Clèves
37%
4 Les Liaisons dangereuses
36%
19 Phèdre
36%
20 Le Horla
33%
36 Les Contemplations
33%
43 Le Tour du monde en 80 jours
31%
8 Voyage au bout de la nuit
31%
12 Antigone
30%
7 Cyrano de Bergerac
30%
56 Les Fourberies de Scapin
30%
35 Alcools
28%
33 L’Éducation sentimentale
27%
53 Boule de suif
26%
79 Le Bourgeois gentilhomme
25%
58 Le Misanthrope
25%
13 L’Écume des jours
24%
25 Le Dernier Jour d’un condamné
24%
52 Thérèse Raquin
24%
41 Andromaque
23%
47 La Chartreuse de Parme
23%
68 La Gloire de mon père - Souvenirs d’enfance, tome 1
23%
63 Le Tartuffe
23%
32 Une vie
23%
57 Zadig ou la Destinée
23%
46 La Bête humaine
22%
23 Dom Juan
21%
30 Du coté de chez Swann
21%
45 La Peau de chagrin
21%
100 Pantagruel
21%
16 Fables
20%
99 Les Essais
20%
51 Illusions perdues
19%
50 Voyage au centre de la Terre
19%
26 Vingt mille lieues sous les mers
18%
61 La Promesse de l’aube
17%
83 Le Mariage de Figaro
17%
80 Eugénie Grandet
16%
60 On ne badine pas avec l’amour
15%
74 Rhinocéros
15%
92 Ruy Blas
15%
94 La Chute
14%
75 La Condition humaine
14%
90 La Dame aux camélias
14%
87 Mémoires d’outre-tombe
14%
55 Huis clos
13%
44 Le Grand Meaulnes
13%
82 Lettres persanes
13%
98 Britannicus
12%
48 Jacques le fataliste
11%
69 La Cantatrice chauve
11%
59 Salammbô
11%
54 Une saison en enfer
11%
71 La Vie devant soi
10%
38 Le Spleen de Paris
10%
40 Lorenzaccio
10%
66 Mémoires d’Hadrien
10%
62 Aurélien
9%
86 Illuminations
9%
89 La Curée
9%
95 Les Faux-Monnayeurs
9%
73 Les Justes
9%
78 L’Œuvre
9%
96 Pensées
9%
88 Poèmes saturniens
9%
64 Belle du Seigneur
8%
84 Caligula
8%
70 L’Homme qui rit
8%
91 J’irai cracher sur vos tombes
7%
97 À l’ombre des jeunes filles en fleurs
6%
77 La Nuit des temps
6%
76 Mort à crédit
6%
67 La Confession d’un enfant du siècle
5%
85 L’Île mystérieuse
5%
72 Perceval ou le Conte du Graal
5%
93 À rebours
4%
42 Les Chants de Maldoror
3%
37 Poésies complètes
3%
81 Histoire du Chevalier des Grieux et de Manon Lescaut
2%
Aucun quiz correspondant
Distribution des résultats
% des personnes avec chaque résultat
Percentile par nombre de réponses
Votre historique - résultats
Vous n’avez pas pris ce quiz